[Event "Sparkassen-Open A"]
[Site "Heusenstamm, Martinsee"]
[Date "2024.11.23"]
[Round "5.28"]
[White "Klundt, Klaus"]
[Black "Derr, Oleg"]
[Result "1/2-1/2"]
[WhiteElo "2252"]
[BlackElo "2019"]
[PlyCount "54"]
[EventDate "2024.11.21"]
[WhiteTeam "SC Heusenstamm"]
[BlackTeam "VSG 1880 Offenbach"]

1. e4 c5 2. Nf3 e6 3. d4 cxd4 4. Nxd4 Nc6 5. Nc3 Qc7 6. Be3 a6 7. Qf3 Nf6 8. O-O-O h5 9. Nxc6 dxc6 10. h3 b5 11. e5 Nd5 12. Nxd5 exd5 13. Bd3 Be6 14. Rhe1 Be7 15. Qg3 O-O-O 16. Bg5 h4 17. Qf4 c5 18. Bxe7 Qxe7 19. Qd2 Qc7 20. f4 d4 21. Kb1 c4 22. Be4 c3 23. Qc1 Qa5 24. b3 g6 25. Rf1 Rhg8 26. Rf3 Bf5 27. Re1 Qb4 1/2-1/2

[Event "Sparkassen-Open A"]
[Site "Heusenstamm, Martinsee"]
[Date "2024.11.23"]
[Round "5.29"]
[White "Mostertman, Milan"]
[Black "Rondonuwu, Grover"]
[Result "1-0"]
[WhiteElo "2204"]
[BlackElo "2015"]
[PlyCount "85"]
[EventDate "2024.11.21"]
[WhiteTeam "Groninger Combinatie"]
[BlackTeam "Sabt Frankfurter TV 1860"]

1. e4 c5 2. c3 g6 3. d4 cxd4 4. cxd4 d5 5. e5 Nc6 6. Nc3 a6 7. Be2 Bg7 8. h3 f6 9. exf6 exf6 10. Bf3 Nge7 11. Nge2 Be6 12. O-O O-O 13. Be3 Bf7 14. Nf4 Qa5 15. a3 Rfd8 16. b4 Qc7 17. Qb3 Qd6 18. Rfd1 Rac8 19. Nfe2 Nf5 20. Na4 Nxe3 21. Qxe3 Nb8 22. Nc5 b6 23. Nb7 Qd7 24. Nxd8 Rxd8 25. Rdc1 Nc6 26. Rc2 Ne7 27. Rac1 Nf5 28. Qd3 Nh4 29. Rc7 Qa4 30. Rb7 Bf8 31. Rxb6 Kg7 32. g3 Nxf3+ 33. Qxf3 Rd6 34. Rxd6 Bxd6 35. Qc3 Qe8 36. Qc6 Qxe2 37. Qxd6 g5 38. Qd7 Kg6 39. Rc7 Qe1+ 40. Kg2 Qe4+ 41. Kh2 Qe8 42. Qxe8 Bxe8 43. g4 1-0

[Event "Sparkassen-Open A"]
[Site "Heusenstamm, Martinsee"]
[Date "2024.11.23"]
[Round "5.30"]
[White "Hoppstädter, Daniel"]
[Black "Sheng, Ming"]
[Result "1-0"]
[WhiteElo "2198"]
[BlackElo "2009"]
[PlyCount "79"]
[EventDate "2024.11.21"]
[WhiteTeam "SC Turm Illingen"]
[BlackTeam "SVG Saarbrücken 1970 e.V."]

1. d4 Nf6 2. Bg5 e6 3. Nf3 h6 4. Bh4 c5 5. e3 cxd4 6. exd4 Be7 7. c3 Nc6 8. Nbd2 O-O 9. Bd3 Nh5 10. Bxe7 Nxe7 11. O-O b6 12. Re1 Bb7 13. Qc2 f5 14. a4 Nf4 15. Bf1 g5 16. a5 Neg6 17. Ne5 Nxe5 18. dxe5 Qc7 19. a6 Bc6 20. Rad1 Rad8 21. b3 Ng6 22. Nc4 Bd5 23. Rd4 Qb8 24. Qd2 f4 25. Rxd5 exd5 26. Qxd5+ Kg7 27. Nd6 Ne7 28. Qe4 Rh8 29. Bd3 Rdf8 30. Qd4 Nc6 31. Nf5+ Rxf5 32. Qxd7+ Rf7 33. Qxc6 Qc7 34. Qg6+ Kf8 35. Bc4 Rhh7 36. e6 Re7 37. Rd1 Rhg7 38. Qf6+ Kg8 39. Rd7 Qc6 40. Rd8+ 1-0

[Event "Sparkassen-Open A"]
[Site "Heusenstamm, Martinsee"]
[Date "2024.11.23"]
[Round "5.31"]
[White "Wambach, Jürgen"]
[Black "Rempe, Jonas"]
[Result "1/2-1/2"]
[WhiteElo "2015"]
[BlackElo "2182"]
[PlyCount "26"]
[EventDate "2024.11.21"]
[WhiteTeam "SK 1982 Klingenberg e.V."]
[BlackTeam "SK Doppelbauer Kiel von 1910 e.V"]

1. c4 Nf6 2. g3 g6 3. Nc3 Bg7 4. Bg2 O-O 5. d4 d6 6. h3 Nbd7 7. Nf3 c6 8. e4 e5 9. O-O Qb6 10. c5 dxc5 11. dxe5 Ne8 12. e6 fxe6 13. Ng5 Ne5 1/2-1/2

[Event "Sparkassen-Open A"]
[Site "Heusenstamm, Martinsee"]
[Date "2024.11.23"]
[Round "5.32"]
[White "Bräutigam, Thomas"]
[Black "Kersten, Uwe"]
[Result "1/2-1/2"]
[WhiteElo "2010"]
[BlackElo "2170"]
[PlyCount "82"]
[EventDate "2024.11.21"]
[WhiteTeam "SC 1957 Bad Königshofen e.V."]
[BlackTeam "Sfr. Wolfhagen e. V."]

1. d4 Nf6 2. Nf3 c5 3. d5 g6 4. Nc3 Bg7 5. e4 d6 6. Be2 O-O 7. O-O e6 8. dxe6 Bxe6 9. Ng5 Nc6 10. Be3 Qe7 11. Nd5 Bxd5 12. exd5 Nb4 13. c4 Ne4 14. Nxe4 Qxe4 15. Rb1 Nxa2 16. Qa4 Nb4 17. Qd7 Be5 18. b3 Nc2 19. Bf3 Qh4 20. g3 Qf6 21. Bg2 Nxe3 22. fxe3 Qg5 23. Rf3 Rab8 24. Rbf1 f5 25. e4 Rbe8 26. h4 Qe7 27. Qxe7 Rxe7 28. exf5 Rxf5 29. Rxf5 gxf5 30. Kh2 Rg7 31. Rf3 Rg4 32. Bh3 Rxh4 33. Kg2 Rd4 34. Bxf5 Rd2+ 35. Kh3 Kg7 36. Be6 Bf6 37. Kg4 Rc2 38. Kf5 Rc3 39. Rxc3 Bxc3 40. Bc8 Kf7 41. Bxb7 a5 1/2-1/2

[Event "Sparkassen-Open A"]
[Site "Heusenstamm, Martinsee"]
[Date "2024.11.23"]
[Round "5.33"]
[White "Michels, Achim"]
[Black "Wachsmann, Elmar"]
[Result "1/2-1/2"]
[WhiteElo "2163"]
[BlackElo "2011"]
[PlyCount "65"]
[EventDate "2024.11.21"]
[WhiteTeam "SC ML Kastellaun"]
[BlackTeam "SC Groß-Umstadt"]

1. d4 d5 2. c4 e6 3. Nc3 Be7 4. cxd5 exd5 5. Bf4 c6 6. e3 Bf5 7. Bd3 Bxd3 8. Qxd3 Nf6 9. h3 Bd6 10. Nge2 O-O 11. O-O Re8 12. Rab1 a5 13. Na4 Bxf4 14. Nxf4 Nbd7 15. Rfc1 Ne4 16. Qe2 Qg5 17. Rc2 Re7 18. Qh5 Qxh5 19. Nxh5 Rae8 20. Nf4 Ra8 21. Nd3 g6 22. Rbc1 Kg7 23. Ndc5 Ndxc5 24. Nxc5 Nxc5 25. Rxc5 a4 26. Kf1 h5 27. Ke2 Ree8 28. Kd3 f5 29. h4 Kf6 30. g3 Kf7 31. Kc3 Ra6 32. Kd3 Re6 33. R1c2 1/2-1/2

[Event "Sparkassen-Open A"]
[Site "Heusenstamm, Martinsee"]
[Date "2024.11.23"]
[Round "5.34"]
[White "Lenz, Joshua"]
[Black "Boeren, Jurriaan"]
[Result "0-1"]
[WhiteElo "2006"]
[BlackElo "2159"]
[PlyCount "78"]
[EventDate "2024.11.21"]
[WhiteTeam "TSV Schott Mainz"]
[BlackTeam "Kennemer Combinatie"]

1. e4 e6 2. d4 d5 3. e5 c5 4. c3 Nc6 5. Nf3 Bd7 6. Bd3 Qb6 7. dxc5 Bxc5 8. O-O a5 9. Nbd2 a4 10. b4 Be7 11. a3 Nh6 12. c4 Ng4 13. Bb2 Ne3 14. fxe3 Qxe3+ 15. Kh1 Qxd3 16. Rc1 O-O 17. Rc3 Qg6 18. Nb1 Rad8 19. Rd3 Bc8 20. cxd5 exd5 21. Nc3 Bf5 22. Rxd5 Bc2 23. Qd2 Bb3 24. Rxd8 Rxd8 25. Qe3 Qc2 26. Rf2 Qd3 27. Qxd3 Rxd3 28. h3 h6 29. Rd2 Nxe5 30. Nxa4 Bxa4 31. Bxe5 Rxa3 32. Rb2 Bc6 33. Nd4 Rxh3+ 34. Kg1 Rh5 35. Bf4 Bf6 36. Rd2 Rh4 37. Be3 Be4 38. b5 Rg4 39. b6 Bxd4 0-1

[Event "Sparkassen-Open A"]
[Site "Heusenstamm, Martinsee"]
[Date "2024.11.23"]
[Round "5.35"]
[White "Erdmann, Stefan"]
[Black "de Reuter, Uwe"]
[Result "1/2-1/2"]
[WhiteElo "2137"]
[BlackElo "2012"]
[PlyCount "37"]
[EventDate "2024.11.21"]
[WhiteTeam "SK Bad Homburg 1927"]
[BlackTeam "Schachforum Darmstadt 1994"]

1. d4 d5 2. c3 c5 3. Nf3 cxd4 4. cxd4 Nc6 5. Nc3 Nf6 6. Bf4 a6 7. e3 Bg4 8. Be2 e6 9. Qb3 Ra7 10. Rc1 Bxf3 11. Bxf3 Bd6 12. Bxd6 Qxd6 13. O-O O-O 14. Na4 b5 15. Qc3 Nb4 16. a3 bxa4 17. axb4 Rb7 18. Qc5 Qb6 19. Rc2 1/2-1/2

[Event "Sparkassen-Open A"]
[Site "Heusenstamm, Martinsee"]
[Date "2024.11.23"]
[Round "5.36"]
[White "Lutterbach, Jakob"]
[Black "Pfrengle, Tim"]
[Result "1-0"]
[WhiteElo "1914"]
[BlackElo "2091"]
[PlyCount "94"]
[EventDate "2024.11.21"]
[WhiteTeam "SK Bingen"]
[BlackTeam "SC ML Kastellaun"]

1. c4 Nf6 2. Nc3 e6 3. e4 d5 4. e5 d4 5. exf6 dxc3 6. bxc3 Qxf6 7. d4 b6 8. Be2 Bb7 9. Bf3 c6 10. Ne2 Qd8 11. a4 Nd7 12. a5 Be7 13. a6 Bc8 14. Bxc6 Rb8 15. Bf4 O-O 16. Bxb8 Nxb8 17. Bb5 Qc7 18. O-O Nd7 19. Ng3 Qf4 20. Qf3 Qxf3 21. gxf3 Nf6 22. Rfe1 Rd8 23. Rad1 Bf8 24. Ne4 Nh5 25. c5 bxc5 26. dxc5 Rd5 27. Rxd5 exd5 28. Nd6 Be6 29. Nb7 Nf4 30. c6 Nh3+ 31. Kf1 Ng5 32. Re3 Bh3+ 33. Ke2 Ne6 34. Kd2 g6 35. f4 Bf5 36. Bd3 Bxd3 37. Rxd3 Nc7 38. c4 dxc4 39. Rd7 Bh6 40. Kc3 Bxf4 41. h3 Kg7 42. Kxc4 Kf6 43. Nd6 Nxa6 44. Rxf7+ Ke6 45. Rxa7 Bxd6 46. Rxa6 Kf5 47. Ra7 h5 1-0

[Event "Sparkassen-Open A"]
[Site "Heusenstamm, Martinsee"]
[Date "2024.11.23"]
[Round "5.37"]
[White "Woestmann, Ulrich"]
[Black "Burkhardt, Holger"]
[Result "1-0"]
[WhiteElo "1987"]
[BlackElo "2087"]
[PlyCount "63"]
[EventDate "2024.11.21"]
[WhiteTeam "SV Ahlen 1954 e. V."]
[BlackTeam "SK 1858 Gießen"]

1. e4 e5 2. Nf3 Nc6 3. Bc4 Nf6 4. d4 exd4 5. O-O Nxe4 6. Re1 d5 7. Bxd5 Qxd5 8. Nc3 Qd7 9. Rxe4+ Be7 10. Nxd4 f5 11. Rf4 Bd6 12. Qe2+ Qe7 13. Nxf5 Bxf5 14. Rxf5 Nd4 15. Qxe7+ Kxe7 16. Rd5 Nxc2 17. Bg5+ Kf7 18. Rc1 Nb4 19. Rb5 b6 20. Ne4 Na6 21. Nxd6+ cxd6 22. Rd5 Rac8 23. Rcd1 Rc2 24. Rxd6 Rxb2 25. Rd7+ Kg6 26. h4 h6 27. R1d6+ Kh5 28. Be3 Ra8 29. Kh2 g5 30. hxg5 hxg5 31. Rh7+ Kg4 32. Rf6 1-0

[Event "Sparkassen-Open A"]
[Site "Heusenstamm, Martinsee"]
[Date "2024.11.23"]
[Round "5.38"]
[White "Villwock, Martin"]
[Black "Thomas, Tobias"]
[Result "1-0"]
[WhiteElo "2075"]
[BlackElo "1979"]
[PlyCount "103"]
[EventDate "2024.11.21"]
[WhiteTeam "SF Essen-Katernberg 0"]
[BlackTeam "SK Langen"]

1. e4 c5 2. Nf3 e6 3. d4 cxd4 4. Nxd4 a6 5. Nc3 b5 6. Bd3 Bb7 7. O-O Nc6 8. Nxc6 Bxc6 9. Be3 Qb8 10. f4 Nf6 11. e5 Nd5 12. Nxd5 Bxd5 13. Qg4 g6 14. h4 Qb7 15. a4 b4 16. a5 Rc8 17. Qe2 Bc5 18. Bxc5 Rxc5 19. Qf2 Rc7 20. Kh2 Be4 21. Rfd1 O-O 22. h5 f5 23. hxg6 hxg6 24. Rd2 Rf7 25. Rh1 Rh7+ 26. Kg1 Rxh1+ 27. Kxh1 b3 28. c3 Qa8 29. Qh4 Qf8 30. Qg5 Kg7 31. Bxa6 Bc6 32. Bf1 Ra7 33. a6 Ba4 34. Rd4 Bc6 35. Kg1 Ra8 36. Be2 Ra7 37. Rd6 Qc8 38. Bc4 Qe8 39. Bd3 Ra8 40. g4 Qh8 41. Qf6+ Kh7 42. g5 Qxf6 43. exf6 Rh8 44. Bf1 Ra8 45. Kf2 Kg8 46. Ke3 Kf7 47. Kd4 Rh8 48. Bc4 Rh4 49. Bxe6+ dxe6 50. Rxc6 Rxf4+ 51. Kc5 Ra4 52. Rc7+ 1-0

[Event "Sparkassen-Open A"]
[Site "Heusenstamm, Martinsee"]
[Date "2024.11.23"]
[Round "5.40"]
[White "Bardorz, Jana"]
[Black "Schwarz, David"]
[Result "1-0"]
[WhiteElo "2083"]
[BlackElo "1948"]
[PlyCount "65"]
[EventDate "2024.11.21"]
[WhiteTeam "TSV 1869 e. V. Rottendorf"]
[BlackTeam "SF Birkenfeld"]

1. e4 c6 2. d4 d5 3. exd5 cxd5 4. Bd3 Nf6 5. c3 Nc6 6. Bf4 Bg4 7. Qb3 Qc8 8. Nd2 e6 9. Ngf3 Be7 10. O-O O-O 11. h3 Bh5 12. Rae1 a6 13. Bh2 Rd8 14. Ne5 b5 15. f4 Na5 16. Qc2 Bg6 17. f5 Bxf5 18. Bxf5 exf5 19. Rxf5 b4 20. Qd3 bxc3 21. bxc3 Ne4 22. Rf3 Nxd2 23. Qxd2 Bf6 24. Ng4 Bh4 25. g3 h5 26. Nh6+ gxh6 27. gxh4 Re8 28. Rxe8+ Qxe8 29. Be5 f6 30. Qxh6 fxe5 31. Rg3+ Kf7 32. Rg7+ Kf8 33. Qh8# 1-0

[Event "Sparkassen-Open A"]
[Site "Heusenstamm, Martinsee"]
[Date "2024.11.23"]
[Round "5.41"]
[White "Steinle, Carsten"]
[Black "Pilhöfer, Lukas"]
[Result "1/2-1/2"]
[WhiteElo "2054"]
[BlackElo "1949"]
[PlyCount "46"]
[EventDate "2024.11.21"]
[WhiteTeam "Schachverein Ahlen 1954 e. V."]
[BlackTeam "SC Sulzbach-Rosenberg"]

1. Nf3 Nf6 2. c4 g6 3. Nc3 d5 4. e3 Bg7 5. d4 O-O 6. Qb3 c6 7. Bd2 dxc4 8. Bxc4 b5 9. Bd3 Be6 10. Qc2 Nbd7 11. O-O Nb6 12. Ne4 Bc4 13. Rfe1 Rc8 14. Bb4 Nfd5 15. Bc5 Bxd3 16. Qxd3 Re8 17. Re2 Nd7 18. Rc1 e5 19. Nd6 Nxc5 20. dxc5 e4 21. Nxe4 Nb4 22. Qxd8 Rcxd8 23. Rd2 Rxd2 1/2-1/2

[Event "Sparkassen-Open A"]
[Site "Heusenstamm, Martinsee"]
[Date "2024.11.23"]
[Round "5.42"]
[White "Böddeker, Henry"]
[Black "Calvi, Stefan"]
[Result "1-0"]
[WhiteElo "2059"]
[BlackElo "1978"]
[PlyCount "57"]
[EventDate "2024.11.21"]
[WhiteTeam "SF Berlin 1903 e.V."]
[BlackTeam "SV Oberursel"]

1. e4 c5 2. d4 cxd4 3. Qxd4 Nc6 4. Qd3 g6 5. Nc3 Bg7 6. Nf3 d6 7. Be2 Nf6 8. O-O O-O 9. Nd5 Bd7 10. c3 Ng4 11. Bg5 h6 12. Bh4 g5 13. Bg3 Nge5 14. Nxe5 dxe5 15. Rad1 Be6 16. Rfe1 a6 17. Qe3 Bxd5 18. exd5 Nb8 19. Bxe5 Bxe5 20. Qxe5 Nd7 21. Qg3 Qb8 22. d6 e6 23. h4 Qd8 24. Rd4 e5 25. hxg5 hxg5 26. Rh4 Kg7 27. Rh5 Kg6 28. Bd3+ f5 29. Qh3 1-0

[Event "Sparkassen-Open A"]
[Site "Heusenstamm, Martinsee"]
[Date "2024.11.23"]
[Round "5.43"]
[White "Tietzen, Stefan"]
[Black "Berkes, Alexander"]
[Result "0-1"]
[WhiteElo "1942"]
[BlackElo "2036"]
[PlyCount "68"]
[EventDate "2024.11.21"]
[WhiteTeam "SK 1980 Gernsheim"]
[BlackTeam "SK Langen"]

1. e4 e6 2. d4 d5 3. Nc3 Nf6 4. Bg5 Be7 5. e5 Nfd7 6. Bxe7 Qxe7 7. f4 a6 8. Nf3 c5 9. Qd2 Nc6 10. dxc5 Nxc5 11. O-O-O b5 12. Bd3 b4 13. Ne2 a5 14. Ned4 Nxd4 15. Nxd4 Ba6 16. Bxa6 Rxa6 17. Qe2 Rb6 18. Rhf1 Ne4 19. Qg4 g6 20. Rf3 h5 21. Qh3 a4 22. g4 Kd7 23. Qg2 hxg4 24. Re3 Nc5 25. Qxg4 Rxh2 26. Rh3 Rxh3 27. Qxh3 Ne4 28. Qe3 Qc5 29. f5 gxf5 30. Qh6 a3 31. bxa3 Qc3 32. Nb3 bxa3 33. Rxd5+ exd5 34. Qxb6 Qe1# 0-1

[Event "Sparkassen-Open A"]
[Site "Heusenstamm, Martinsee"]
[Date "2024.11.23"]
[Round "5.44"]
[White "Richter, Gerald"]
[Black "Dörr, Tarik"]
[Result "1/2-1/2"]
[WhiteElo "1957"]
[BlackElo "2056"]
[PlyCount "102"]
[EventDate "2024.11.21"]
[WhiteTeam "Siegener Schachverein 1878"]
[BlackTeam "SC Einrich e.V."]

1. d4 Nf6 2. c4 g6 3. Nc3 d5 4. cxd5 Nxd5 5. e4 Nxc3 6. bxc3 Bg7 7. Bc4 c5 8. Ne2 Nc6 9. Be3 O-O 10. O-O Bg4 11. f3 Na5 12. Bd3 cxd4 13. cxd4 Be6 14. d5 Bxa1 15. Qxa1 f6 16. Bh6 Re8 17. Nf4 Bf7 18. Kh1 Qd6 19. Bb5 Rec8 20. Nd3 Nc4 21. Bf4 e5 22. dxe6 Qxe6 23. Rd1 a6 24. Ba4 b5 25. Bb3 Rd8 26. Nb4 Rxd1+ 27. Qxd1 g5 28. Bg3 f5 29. Nd5 Rd8 30. Qa1 Bg6 31. h4 fxe4 32. fxe4 Bxe4 33. Nf6+ Kf7 34. Nxe4 Qxe4 35. hxg5 Rd2 36. Qf6+ Kg8 37. Bf2 Qg6 38. Qf4 Qh5+ 39. Kg1 Rd1+ 40. Bxd1 Qxd1+ 41. Kh2 Qd6 42. g3 Qxf4 43. gxf4 Kf7 44. Kh3 a5 45. Kg4 b4 46. Bc5 Nb2 47. Kh5 Nd3 48. Be3 a4 49. f5 b3 50. axb3 axb3 51. Bd4 b2 1/2-1/2

[Event "Sparkassen-Open A"]
[Site "Heusenstamm, Martinsee"]
[Date "2024.11.23"]
[Round "5.45"]
[White "Li, Yunqi"]
[Black "Klein, Levent"]
[Result "1/2-1/2"]
[WhiteElo "2046"]
[BlackElo "1966"]
[PlyCount "86"]
[EventDate "2024.11.21"]
[WhiteTeam "SF 59 Kornwestheim"]
[BlackTeam "SK Kaiserslautern 1905"]

1. d4 d5 2. c4 e6 3. Nc3 Nf6 4. cxd5 exd5 5. Bg5 Be7 6. e3 O-O 7. Qc2 c6 8. Bd3 h6 9. Bh4 Be6 10. Nge2 Qd7 11. O-O Na6 12. a3 Nc7 13. f3 Nfe8 14. Bf2 Nd6 15. e4 dxe4 16. fxe4 Bc4 17. Rad1 b5 18. Bg3 Bxd3 19. Rxd3 Nc4 20. a4 Na6 21. Rdf3 Nb4 22. Qc1 Bg5 23. Bf4 Bxf4 24. Qxf4 Nxb2 25. axb5 cxb5 26. Rg3 Kh8 27. Qe5 f6 28. Qxb5 Qxb5 29. Nxb5 a5 30. Nf4 Rf7 31. Nd6 Rd7 32. Nf5 a4 33. Ng6+ Kh7 34. Nge7 Rxe7 35. Nxe7 a3 36. Rc3 a2 37. Ra1 N2d3 38. Nd5 Nxd5 39. Rxd3 Nb4 40. Rc3 Re8 41. Rc4 Nd3 42. d5 Rb8 43. Rf1 Ra8 1/2-1/2

[Event "Sparkassen-Open A"]
[Site "Heusenstamm, Martinsee"]
[Date "2024.11.23"]
[Round "5.46"]
[White "Heindrich, Mark"]
[Black "Musiienko, Platon"]
[Result "0-1"]
[WhiteElo "2045"]
[BlackElo "1947"]
[PlyCount "110"]
[EventDate "2024.11.21"]
[WhiteTeam "SAbt TuS Dotzheim"]
[BlackTeam "Wiesbadener SV 1885"]

1. e4 c5 2. c3 g6 3. Nf3 Bg7 4. Bc4 d6 5. O-O Nf6 6. Re1 O-O 7. d3 Nc6 8. h3 Na5 9. Bb5 a6 10. Ba4 b5 11. Bc2 Bb7 12. Nbd2 e5 13. d4 Nc6 14. dxc5 dxc5 15. Qe2 Qe7 16. Nf1 h6 17. Ng3 Rfd8 18. Be3 Nd7 19. Rad1 Nf8 20. a4 b4 21. Nd2 Ne6 22. Nc4 Qc7 23. Bc1 Nf4 24. Qf3 Na5 25. Nxa5 Qxa5 26. Bb3 Qc7 27. cxb4 cxb4 28. Be3 Rac8 29. Rxd8+ Rxd8 30. Rc1 Qd6 31. Rd1 Qf6 32. Kh2 h5 33. Rxd8+ Qxd8 34. Bc4 Qe7 35. b3 Ne6 36. Bd5 Nd4 37. Qd1 Bxd5 38. exd5 Qd6 39. Qd3 h4 40. Ne4 Qxd5 41. Bxd4 exd4 42. Nd2 Qe5+ 43. Kg1 Qe1+ 44. Nf1 Qc3 45. Qd1 Bh6 46. Nh2 d3 47. Ng4 Bg5 48. Kf1 Qc2 49. Ke1 Kg7 50. Ne3 Bxe3 51. fxe3 Qxg2 52. Qxd3 Qxh3 53. Qd4+ f6 54. Ke2 Qg2+ 55. Kd3 h3 0-1

[Event "Sparkassen-Open A"]
[Site "Heusenstamm, Martinsee"]
[Date "2024.11.23"]
[Round "5.47"]
[White "Mandalka, Justus"]
[Black "Werner, Tom"]
[Result "1/2-1/2"]
[WhiteElo "2039"]
[BlackElo "1872"]
[PlyCount "67"]
[EventDate "2024.11.21"]
[WhiteTeam "SK Bad Homburg 1927"]
[BlackTeam "VSG 1880 Offenbach"]

1. e4 e6 2. d4 d5 3. Nc3 Nf6 4. Bg5 Be7 5. e5 Nfd7 6. Bxe7 Qxe7 7. f4 a6 8. Nce2 c5 9. c3 Nc6 10. Nf3 b5 11. Ng3 cxd4 12. cxd4 Qb4+ 13. Qd2 Bb7 14. Bd3 Rc8 15. Rc1 O-O 16. Ke2 g6 17. Qxb4 Nxb4 18. Bb1 a5 19. Ke3 Rc6 20. Rxc6 Nxc6 21. Rc1 Rc8 22. Bd3 Na7 23. Rxc8+ Bxc8 24. Ne2 Nb8 25. Nc3 Ba6 26. Nd2 b4 27. Na4 Bxd3 28. Kxd3 Nb5 29. Nb3 Nc6 30. Nac5 Kg7 31. h4 h5 32. g3 Kf8 33. Na4 Ke7 34. Nac5 1/2-1/2

[Event "Sparkassen-Open A"]
[Site "Heusenstamm, Martinsee"]
[Date "2024.11.23"]
[Round "5.48"]
[White "Blomer, Moritz"]
[Black "Udelnov, Valentin"]
[Result "1/2-1/2"]
[WhiteElo "1890"]
[BlackElo "1980"]
[PlyCount "48"]
[EventDate "2024.11.21"]
[WhiteTeam "SG Porz e. V."]
[BlackTeam "SG Aufbau Elbe Magdeburg"]

1. Nf3 Nf6 2. g3 g6 3. b4 Bg7 4. Bb2 O-O 5. c4 c6 6. Bg2 d5 7. Qc2 Bf5 8. d3 Qb6 9. a3 dxc4 10. Qxc4 a5 11. Bd4 Qa6 12. Qxa6 Rxa6 13. Nbd2 axb4 14. axb4 Rxa1+ 15. Bxa1 Na6 16. b5 cxb5 17. Nd4 Bd7 18. Bxb7 Rb8 19. Bxa6 Ra8 20. O-O Rxa6 21. N2b3 Nd5 22. Nc5 Ra7 23. Nxd7 Bxd4 24. Bxd4 Rxd7 1/2-1/2

[Event "Sparkassen-Open A"]
[Site "Heusenstamm, Martinsee"]
[Date "2024.11.23"]
[Round "5.49"]
[White "Merz, Leander"]
[Black "Töpfer, Albrecht"]
[Result "1/2-1/2"]
[WhiteElo "1935"]
[BlackElo "2170"]
[PlyCount "37"]
[EventDate "2024.11.21"]
[WhiteTeam "Schachforum Darmstadt 1994"]
[BlackTeam "SC Fulda"]

1. e4 d6 2. d4 Nf6 3. Nc3 e5 4. Nge2 Be7 5. h3 O-O 6. g4 c6 7. Bg2 b5 8. a3 a5 9. O-O Ra6 10. Ng3 b4 11. Nce2 g6 12. f4 exf4 13. Bxf4 Ne8 14. Qd2 Ng7 15. axb4 axb4 16. Qxb4 Rb6 17. Qc3 Bg5 18. b3 Ne6 19. Bxg5 1/2-1/2

[Event "Sparkassen-Open A"]
[Site "Heusenstamm, Martinsee"]
[Date "2024.11.23"]
[Round "5.50"]
[White "Serbu, Daniel Elias"]
[Black "Trumpp, Lothar"]
[Result "1/2-1/2"]
[WhiteElo "2138"]
[BlackElo "1908"]
[PlyCount "64"]
[EventDate "2024.11.21"]
[WhiteTeam "SK Langen"]
[BlackTeam "VSG 1880 Offenbach"]

1. e4 e5 2. Nf3 Nc6 3. Bb5 a6 4. Bxc6 dxc6 5. d4 exd4 6. Qxd4 Qxd4 7. Nxd4 c5 8. Nb3 Bd7 9. Be3 b6 10. Nc3 Ne7 11. O-O-O O-O-O 12. Rhe1 f6 13. Bf4 Be6 14. Rxd8+ Kxd8 15. f3 h5 16. h3 g5 17. Bg3 g4 18. hxg4 hxg4 19. f4 f5 20. e5 c6 21. Nd2 Nd5 22. Nd1 b5 23. a3 Kc7 24. Rf1 c4 25. c3 Bc5 26. Re1 Rh5 27. Kc2 Bf8 28. Rf1 Bc5 29. Re1 Bf8 30. Rf1 Bh6 31. b3 Nb6 32. Ne3 Nd5 1/2-1/2

[Event "Sparkassen-Open A"]
[Site "Heusenstamm, Martinsee"]
[Date "2024.11.23"]
[Round "5.51"]
[White "Paeslack, Luis"]
[Black "Heppert, Lars"]
[Result "1-0"]
[WhiteElo "2043"]
[BlackElo "1911"]
[PlyCount "121"]
[EventDate "2024.11.21"]
[WhiteTeam "SC Aschaffenburg e.V."]
[BlackTeam "SK Neuburg"]

1. d4 d5 2. Nc3 Nf6 3. Bf4 c5 4. e3 a6 5. Nf3 cxd4 6. exd4 Bf5 7. Ne5 h6 8. g4 Be4 9. f3 Bh7 10. Qd2 e6 11. a3 Bd6 12. h4 Qc7 13. O-O-O Nc6 14. Bb5 Nd7 15. Bxc6 bxc6 16. Rde1 c5 17. Nxd5 Qb7 18. Nxd7 Bxf4 19. N7f6+ gxf6 20. Nxf6+ Ke7 21. Qxf4 Rab8 22. Nxh7 Qxb2+ 23. Kd2 Qxd4+ 24. Qxd4 cxd4 25. Rb1 Rxb1 26. Rxb1 Rxh7 27. Rb6 Rh8 28. Rxa6 Rc8 29. Rb6 Ra8 30. Rb3 Kd6 31. f4 f6 32. Kd3 Rg8 33. Rb6+ Kd5 34. g5 fxg5 35. hxg5 hxg5 36. fxg5 Kc5 37. Ra6 Kb5 38. Rxe6 Rxg5 39. Kxd4 Rg4+ 40. Re4 Rg3 41. c4+ Kc6 42. Re3 Rg4+ 43. Kc3 Rg5 44. Kb4 Rg6 45. a4 Kb7 46. a5 Rf6 47. Kb5 Rg6 48. Re1 Kb8 49. a6 Rf6 50. c5 Rg6 51. c6 Rg1 52. Re4 Rg7 53. Re5 Rf7 54. Rd5 Rf1 55. Kb6 Rb1+ 56. Rb5 Rc1 57. a7+ Ka8 58. c7 Rc2 59. Rc5 Rb2+ 60. Kc6 Rb6+ 61. Kd5 1-0

[Event "Sparkassen-Open A"]
[Site "Heusenstamm, Martinsee"]
[Date "2024.11.23"]
[Round "5.52"]
[White "Piotraschke, Jens"]
[Black "Brehme, Ralf-Peter"]
[Result "1/2-1/2"]
[WhiteElo "2056"]
[BlackElo "1934"]
[PlyCount "73"]
[EventDate "2024.11.21"]
[WhiteTeam "TuS Coswig 1920"]
[BlackTeam "Vorw.Orient Mainz"]

1. d4 f5 2. Nf3 Nf6 3. g3 g6 4. c4 Bg7 5. b4 O-O 6. Bb2 d6 7. Bg2 c6 8. O-O Na6 9. a3 Nc7 10. Nbd2 Bd7 11. Ne1 Qe8 12. Nd3 g5 13. Re1 f4 14. e4 fxe3 15. fxe3 Bg4 16. Bf3 Qh5 17. Qe2 Bxf3 18. Qxf3 Ng4 19. Qg2 Qg6 20. e4 Ne6 21. Nb3 h5 22. Qe2 Rf7 23. h3 Nh6 24. Rf1 Raf8 25. Rxf7 Rxf7 26. Rf1 h4 27. Rxf7 Qxf7 28. d5 Nf8 29. Bxg7 Qxg7 30. g4 Qc3 31. Na5 Ng6 32. dxc6 bxc6 33. e5 dxe5 34. Qe4 Kg7 35. Nxc6 Nf7 36. c5 Qxa3 37. Qe3 1/2-1/2

[Event "Sparkassen-Open A"]
[Site "Heusenstamm, Martinsee"]
[Date "2024.11.23"]
[Round "5.53"]
[White "Carrella, Adriano"]
[Black "Wachsmann, Dietmar"]
[Result "0-1"]
[WhiteElo "1922"]
[BlackElo "2014"]
[PlyCount "38"]
[EventDate "2024.11.21"]
[WhiteTeam "SC ML Kastellaun"]
[BlackTeam "SC Groß-Umstadt"]

1. e4 c5 2. Nf3 e6 3. d4 cxd4 4. Nxd4 Nf6 5. Nc3 Nc6 6. Be3 Bb4 7. Bd3 d5 8. Nxc6 bxc6 9. e5 d4 10. a3 Bxc3+ 11. bxc3 dxe3 12. exf6 exf2+ 13. Kxf2 Qxf6+ 14. Qf3 Qxc3 15. Rhf1 Qc5+ 16. Ke2 O-O 17. Qg3 e5 18. Rf6 e4 19. Bxe4 Ba6+ 0-1

[Event "Sparkassen-Open A"]
[Site "Heusenstamm, Martinsee"]
[Date "2024.11.23"]
[Round "5.54"]
[White "Schlößner, Henrik"]
[Black "Burkhardt, Jan"]
[Result "1/2-1/2"]
[WhiteElo "2049"]
[BlackElo "1916"]
[PlyCount "62"]
[EventDate "2024.11.21"]
[WhiteTeam "SK Gründau"]
[BlackTeam "Sfr.Mainz 1928"]

1. e4 e5 2. Nf3 Nc6 3. Bb5 a6 4. Ba4 Nf6 5. O-O b5 6. Bb3 Be7 7. Re1 O-O 8. c3 d5 9. exd5 Nxd5 10. Nxe5 Nxe5 11. Rxe5 c6 12. d4 Bd6 13. Re1 Qh4 14. g3 Qh3 15. Qd3 Bf5 16. Qf1 Qh5 17. Bxd5 cxd5 18. f3 Rae8 19. Be3 Re6 20. Nd2 Qg6 21. Bf2 h5 22. Qg2 Rfe8 23. Rxe6 Rxe6 24. Re1 Bd3 25. f4 Rxe1+ 26. Bxe1 Qe6 27. Qf2 h4 28. Nf3 hxg3 29. hxg3 f6 30. Bd2 Qg4 31. Nh2 Qg6 1/2-1/2